| 000 | 00343nam a22001217a 4500 | ||
|---|---|---|---|
| 999 |
_c3763 _d3763 |
||
| 005 | 20201217132731.0 | ||
| 008 | 201217b ||||| |||| 00| 0 eng d | ||
| 020 | _a101292146303 | ||
| 040 | _cCML | ||
| 245 |
_aOganisation Behavior. _cRobbins S.P. |
||
| 260 |
_aEngland _bPearson _c2017 |
||
| 942 |
_2ddc _cBK _e1st Edition _h344 _mROB |
||